000 01102cam a22003497a 4500
003 CHAP
005 20220329141138.0
008 971010s1972 r 00010 d
010 _a63354
011 _a64326
035 _a69628
040 _cCHAP
090 _aFolleto 4570
100 0 0 _aLluis Rivera, Emilio.
_967311
245 1 4 _aLos números complejos
260 _aMéxico, D.F. :
_bANUIES,
_c1972
300 _a59 p.
490 0 _aTemas básicos. Matemáticas
590 _aBATCH-UPD
_b10
_c20130110
_lUCH01
_h0630
590 _aBATCH-UPD
_b10
_c20130110
_lUCH01
_h2258
590 _aBATCH-UPD
_b10
_c20130410
_lUCH01
_h0313
590 _aBATCH-UPD
_b10
_c20130914
_lUCH01
_h1727
590 _aCONVERSION
_b10
_c20130109
_lUCH01
_h1334
650 1 4 _aÁlgebra.
_982391
650 1 4 _aNúmeros complejos.
_981908
830 0 _aTemas básicos. Matemáticas
_9112134
901 _aBK
942 _cFOLL
949 _aFolleto 4570
_bBC
_cFOLL
_d-148700
_eTS1
_i69628
_si
949 _aFolleto 4570
_bBC
_cFOLL
_d-148701
_eTS2
_fc.2
_i69628
_si
949 _aFolleto 4570
_bBC
_cFOLL
_d-148702
_eTS2
_fc.3
_i69628
_si
999 _c63354
_d63354